000 00572ntaaa2200205 4500
003 01
005 20251027201303.0
008 0714s1973 ag 01
040 _aAR-BaBN
_bspa
_cAR-BaBN
_eaacr
_dRIC
082 _a221.1500 G71
100 _aGottwald, Norman K.
245 _aAll the kingdoms of the earth
250 _a1 ed.
260 _aNY :
_bHarper and Row,
_cc1944, c1959
300 _axiii, 448 p.
500 _aLa profecía de Israel y las relaciones internacionales en el Oriente Cercano Antiguo
650 _aIsrael
_95923
650 _aProfecía
942 _cBK
999 _c7238
_d7238